000 01113nam1a2200277 i 4500
001 RU\NLR\bibl\908007
005 20241103082021.0
035 _a(NLR Aleph) 000896372
090 _a1750118
_c1750118
100 _a20060216g20059999u y0rusy50 ca
101 0 _arus
102 _aRU
105 _a||||z |||||
200 1 _aНачала физиологии
_eучебное пособие для студентов факультета ВСО
_fА. А. Кромин
_gЦентр. координац.-метод. ТГМА, Цикловая учеб.-метод. комис. по мед.-биол. дисциплинам ТГМА, Каф. физиологии
210 _aТверь
_cТриада
_d2005
215 _d20
463 0 _1001888560
606 _aФизиология
_jУчебные издания для высших учебных заведений
_9893347
_3RU\NLR\auth\663241
686 _aЕ903я73
700 1 _aКромин
_bА. А.
_4070
801 0 _aRU
_bNLR
_c20060216
_grcr
801 1 _aRU
_bNLR
_c20060216
852 _aNLR
_j2005-3/36794
942 _cBOOK